Culture Générale - Série 2477 - Statistiques

Statistiques générales
  • Ce quiz a été pris 165 fois
  • Le résultat moyen est 5 sur 10
Statistiques - réponses
Question Réponse % Correct
En quelle année le Titanic a-t-il coulé dans l'océan Atlantique le 15 avril, lors de son premier voyage au départ de Southampton? 1912
83%
Les 3 capitales des pays baltes sont : Vilnius, Riga et ... Tallinn
83%
Quel organe du corps humain produit l’hormone insuline? pancréas
77%
Qui a chanté "la femme chocolat" ? voir photo Olivia Ruiz
76%
Quelle actrice française est une James Bond girl (Elektra King) dans le film "Le Monde ne suffit pas" de1999 ? prénom et nom Sophie Marceau
53%
Quel roman a rendu célèbre Herman Melville (1819-1891) ? Moby Dick
45%
Quel groupe pop américain des années 1960 a créé le «son surfin»? Beach Boys
35%
Qui a écrit la suite romanesque historique "les rois maudits "entre1955 et 1977 ? prénom et nom Maurice Druon
34%
Sur quelle île de la Manche s'est déroulé le festival de légende de musique pop et rock du 26 au 31 août 1970 ? Wight
19%
Quel est le titre du roman de Maurice Genevoix publié en 1925 qui évoque et exalte la vie libre d'un braconnier de Sologne ? Raboliot
6%
Aucun quiz correspondant
Distribution des résultats
% des personnes avec chaque résultat
Percentile par nombre de réponses
Votre historique - résultats
Vous n’avez pas pris ce quiz